Нормален изглед
MARC изглед
- Adam, Theo
Вход 01. Лично име
001 - Контролен номер на записа
- Контролно поле: 3179
003 - Код на организацията, даваща контролен номер
- Контролно поле: BLK
005 - Дата и час на последна промяна на записа
- Контролно поле: 20240815142322.0
008 - Данни с фиксирана дължина – обща информация
- Данни с фиксирана дължина : 180403n| acnz|abbn | aba d
100 1# - ИМЕ НА ЛИЦЕ -ПЪРВИЧНА ИНТЕЛЕКТУАЛНА ОТГОВОРНОСТ
- Лично име: Adam, Theo
- Дати, свързани с автора: 1926 - 2019
- Друга информация: бас-баритон
942 ## - Системна служебна употреба
- Koha auth type: PERSO_NAME